| 000 | 01833nam a2200349 a 4500 | ||
|---|---|---|---|
| 001 | ASIN1741797802 | ||
| 005 | 20170105102926.0 | ||
| 008 | 131211s2011 xxu eng d | ||
| 020 |
_a1741797802 (paperback) _c$31.99 |
||
| 020 | _a9781741797800 (paperback) | ||
| 040 | _a0 | ||
| 082 |
_a915.404 _bIND 2011 |
||
| 100 | 1 | _aSingh, Sarina. | |
| 245 | 0 | 0 |
_aLonely planet india / _cSarina Singh, Michael Benanav, Daniel McCrohan, John Noble, Anirban Mahapatra, Abigail Hole, Kevin Raub, Kate James, Mark Elliott, Amy Karafin. |
| 250 | _a14th ed. | ||
| 260 |
_a[S.l.] : _bLonely Planet, _c2011. |
||
| 300 |
_a1220 p. ; _c20 cm. |
||
| 490 | 1 | _aCountry travel guide. | |
| 520 | _a“India’s diversity is apparent in its architecture, landscapes, festivals and handicrafts. And spirituality – the beating heart of India – pulsates from the mountains of Ladakh to the shores of tropical Kerala.” – Sarina Singh, Lonely Planet Writer Our Promise You can trust our travel information because Lonely Planet writers visit the places we write about, each and every edition. We never accept freebies for positive coverage, and you can rely on us to tell it like we see it. Inside This Book… 17 authors 83 weeks of research 132 ancient temples 196 maps Inspirational photos Clear, easy-to-use maps Delhi pull-out map 3D plans of iconic sights Comprehensive planning tools In-depth background. | ||
| 700 | 1 | _aBenanav, Michael. | |
| 700 | 1 | _aMcCrohan, Daniel. | |
| 700 | 1 | _aNoble, John. | |
| 700 | 1 | _aMahapatra, Anirban. | |
| 700 | 1 | _aHole, Abigail. | |
| 700 | 1 | _aRaub, Kevin. | |
| 700 | 1 | _aJames, Kate. | |
| 700 | 1 | _aElliott, Mark. | |
| 700 | 1 | _aKarafin, Amy. | |
| 830 | 0 | _aCountry travel guide. | |
| 856 | 4 | 0 |
_3Amazon.com _uhttp://www.amazon.com/exec/obidos/ASIN/1741797802/chopaconline-20 |
| 942 |
_2ddc _cBK |
||
| 999 |
_c15813 _d15813 |
||